00760nam a2200241Ia 45000010006000000050017000060070003000230080041000260200007000670400025000740410008000990820019001071000023001262450084001492500013002332600052002463000019002986530023003176530016003409420012003569520133003689990017005014847220240114003911.0ta090514s1905 g b000 u 465 u cHB aCotton College,Assam a465 a821.7bM 593 G aMiles, Alfred H. . 0aGeorge Crabbe to Samuel Taylor Coleridge /cAlfred H. Miles.hTextual Documents a1st ed / aLondon :bGeorge Routledge & Sons, Ltd ,c1905. a556p ;c16 cm. aEnglish Literature aT/G-English 2ddccBK 001040708Circulation (T/G)aSKBLbSKBLd2012-02-01f00000l0o821.7 M 593 Gp4090/Newr2024-01-14 00:00:00t1w2012-02-01yBK c48437d48437